000 00940nam a2200265Ia 4500
003 OSt
005 20221005112718.0
006 a|||||r|||| 00| 0
007 ta
008 221004b |||||||| |||| 00| 0 pan d
020 _a9788182994294 (hbk)
_cINR 495.00
024 _a45153
037 _b1061, 12/02/2019, H.K. Prakashan
_cTextual
040 _aCRL
_cCRL
_bpan
041 _2pan
_apan
082 _aO153,6:g, Q9
100 _aਭੁੱਲਰ, ਗੁਰਬਚਨ, ਂਚ.
245 0 _aਸੁ॥ਨ ਸੁਣਾਏ ਸਿਰਜਕਾਂ
260 _aਦਿੱਲੀ
_bਆਰਸੀ ਪਬਲਿFਰਗ਼ ਭਾਰਤ
_c2019
300 _a328ਪ੍ਰ0
_ccm.
650 _a ਪੰਜਾਬੀ ਨਿਬੰਧ
650 _aਪੰਜਾਬੀ ਸਾਹਿਤ
942 _hO153,6:g, Q9
_cTEXL
_2cc
999 _c1025735
_d1025735